MARC details
| 000 -LEADER |
| fixed length control field |
02044cam a2200505 a 4500 |
| 001 - CONTROL NUMBER |
| control field |
20495 |
| 003 - CONTROL NUMBER IDENTIFIER |
| control field |
VRT |
| 005 - DATE AND TIME OF LATEST TRANSACTION |
| control field |
20260123111920.0 |
| 008 - FIXED-LENGTH DATA ELEMENTS--GENERAL INFORMATION |
| fixed length control field |
240226s1991 xo ac grh 000 f slo |
| 015 ## - NATIONAL BIBLIOGRAPHY NUMBER |
| National bibliography number |
SNBA1991 |
| 020 ## - INTERNATIONAL STANDARD BOOK NUMBER |
| International Standard Book Number |
8022201537 |
| Qualifying information |
(viazané) |
| 035 ## - SYSTEM CONTROL NUMBER |
| System control number |
SNK000007711 |
| 039 #9 - LEVEL OF BIBLIOGRAPHIC CONTROL AND CODING DETAIL [OBSOLETE] |
| Level of rules in bibliographic description |
202402261754 |
| Level of effort used to assign nonsubject heading access points |
VLOAD |
| Level of effort used to assign subject headings |
202311201350 |
| Level of effort used to assign classification |
VLOAD |
| Level of effort used to assign subject headings |
202210271426 |
| Level of effort used to assign classification |
msnk160 |
| Level of effort used to assign subject headings |
202210271423 |
| Level of effort used to assign classification |
msnk160 |
| 040 ## - CATALOGING SOURCE |
| Original cataloging agency |
SNK |
| Language of cataloging |
slo |
| Transcribing agency |
SNK |
| Description conventions |
AACR2 |
| 041 1# - LANGUAGE CODE |
| Language code of text/sound track or separate title |
slo |
| Language code of original |
ger |
| 044 ## - COUNTRY OF PUBLISHING/PRODUCING ENTITY CODE |
| MARC country code |
xo |
| ISO country code |
SK |
| 072 #7 - SUBJECT CATEGORY CODE |
| Subject category code |
821.112.2-3 |
| Subject category code subdivision |
Nemecká próza, nemecky písaná |
| Source |
konspekt |
| 072 #7 - SUBJECT CATEGORY CODE |
| Subject category code |
929 |
| Subject category code subdivision |
Biografie |
| Source |
konspekt |
| 080 ## - UNIVERSAL DECIMAL CLASSIFICATION NUMBER |
| Universal Decimal Classification number |
821.112.2-31 |
| Edition identifier |
2011 |
| 080 ## - UNIVERSAL DECIMAL CLASSIFICATION NUMBER |
| Universal Decimal Classification number |
821-312.6 |
| Edition identifier |
2011 |
| 100 1# - MAIN ENTRY--PERSONAL NAME |
| Personal name |
Steinberg, Werner, |
| Dates associated with a name |
1913-1992 |
| Relationship |
aut |
| 240 14 - UNIFORM TITLE |
| Uniform title |
Der Tag ist in die Nacht verliebt |
| Language of a work |
Slovensky |
| 245 10 - TITLE STATEMENT |
| Title |
Deň zaľúbený do noci |
| Statement of responsibility, etc. |
Werner Steinberg ; [z nemeckého originálu Der Tag ist in die Nacht verliebt ... preložila Ľuba Tvarožková ; verše prebásnil M.M. Dedinský a Ľuba Tvarožková] |
| 250 ## - EDITION STATEMENT |
| Edition statement |
1. vyd. |
| 260 ## - PUBLICATION, DISTRIBUTION, ETC. |
| Place of publication, distribution, etc. |
Bratislava |
| Name of publisher, distributor, etc. |
Tatran |
| Date of publication, distribution, etc. |
1991 |
| 300 ## - PHYSICAL DESCRIPTION |
| Extent |
354 strán |
| Other physical details |
ilustrácie, portréty |
| Dimensions |
25 x 14 cm |
| 490 1# - SERIES STATEMENT |
| Series statement |
Osudy slávnych |
| Volume/sequential designation |
zv. 33 |
| 500 ## - GENERAL NOTE |
| General note |
Rozložený titulný list. Reprodukcie na frontispice a predsádkach |
| 600 17 - SUBJECT ADDED ENTRY--PERSONAL NAME |
| Personal name |
Heine, Heinrich, |
| Dates associated with a name |
1797-1856 |
| Source of heading or term |
SNKMA |
| 655 #7 - INDEX TERM--GENRE/FORM |
| Genre/form data or focus term |
nemecké romány |
| Source of term |
SNKPH |
| 655 #7 - INDEX TERM--GENRE/FORM |
| Genre/form data or focus term |
biografické romány |
| Source of term |
SNKPH |
| 700 1# - ADDED ENTRY--PERSONAL NAME |
| Personal name |
Tvarožková, Ľuba |
| Relationship |
trl |
| 700 1# - ADDED ENTRY--PERSONAL NAME |
| Personal name |
Mittelmann-Dedinský, Móric, |
| Dates associated with a name |
1914-1989 |
| Relationship |
trl |
| 830 #0 - SERIES ADDED ENTRY--UNIFORM TITLE |
| Uniform title |
Osudy slávnych |
| 910 ## - USER-OPTION DATA (OCLC) |
| User-option data |
snk |
| 942 ## - ADDED ENTRY ELEMENTS (KOHA) |
| Source of classification or shelving scheme |
Dewey Decimal Classification |
| Koha item type |
Krásna literatúra pre dospelých |
| Suppress in OPAC |
No |
| 949 ## - LOCAL PROCESSING INFORMATION (OCLC) |
| 6 |
17A0335680 |
| 9 |
P60, <04>, [BOOK], {604} |
| a |
snkSC 79392 D1 |
| b |
snkKSP 3489/91 |
| 949 ## - LOCAL PROCESSING INFORMATION (OCLC) |
| 6 |
2889071554 |
| a |
savukS 109707 |
| 949 ## - LOCAL PROCESSING INFORMATION (OCLC) |
| 6 |
270001000032100 |
| a |
svkbbB 25038 |
| b |
svkbbm 559163 |
| p |
559.163 |
| 949 ## - LOCAL PROCESSING INFORMATION (OCLC) |
| 6 |
270001000032101 |
| a |
svkbbB 25038 |
| b |
svkbbm 558541 |
| p |
558.541 |
| 949 ## - LOCAL PROCESSING INFORMATION (OCLC) |
| 6 |
17A0993852 |
| a |
snkSC 79392 |
| b |
snkKSP 3488/91 |
| s |
6100:20221104 |
| 949 ## - LOCAL PROCESSING INFORMATION (OCLC) |
| 6 |
273K0261639 |
| a |
svkpoB 60027b |
| b |
svkpo373232 |
| o |
PV 610/91 |
| 949 ## - LOCAL PROCESSING INFORMATION (OCLC) |
| 6 |
273K0261641 |
| a |
svkpoB 60027 |
| b |
svkpo372591 |
| 949 ## - LOCAL PROCESSING INFORMATION (OCLC) |
| 6 |
273K0261640 |
| a |
svkpoB 60027a |
| b |
svkpo372592 |